Представление документа в формате RUSMARC

ПолеНазваниеЗначение
  Тип записи a
  Библиографический уровень m
001 Контрольный номер RU/REG73/CBS_GRAD/68bd24e0f9ea440d916610d37d810537
005 Дата корректировки 20240131203911.0
010 Индекс ISBN __
a ISBN 978-5-17-155287-9
b Уточнения в пер.
d Цена 605 р.
9 Тираж 2000 экз.
100 Данные общей обработки __
a Данные общей обработки 20231130d2023 m y0rusy0189## ca
101 Язык документа 0_
a Язык текста rus
102 Страна публикации __
a Страна публикации RU
105 Кодированные данные (монография) __
a Кодированные данные (монография) y z 001yy
200 Заглавие и сведения об ответственности 1_
a Заглавие Бабье царство
e Сведения, относящиеся к заглавию Русский парадокс
f Первые сведения об ответственности Эдвард Радзинский
g Последующие сведения об ответственности редактор Толкачева Е.
203 Вид содержания и тип средства __
a Вид содержания Текст
b Характеристика содержания визуальное
c Тип средства непосредственный
210 Выходные данные 1_
a Место издания Москва
c Издательство Издательство АСТ
d Дата издания 2023
215 Физическое описание __
a Объем 656 с.
d Формат 21 см
225 Серия 1_
a Серия Бестселлеры Эдварда Радзинского
320 Библиография __
a Библиография Библиогр.: с. 646-648
517 Другие варианты заглавия 1_
a Другие варианты заглавия Русский парадокс
606 Тематические рубрики 0_
a Основная рубрика Женщины истории России
y Географическая подрубрика Россия
z Хронологическая подрубрика 18 в.
610 Ключевые слова 0_
a Ключевые слова царевны русские, женщины в истории, женщины в России - история, роль женщин в истории, императрицы России
686 Индексы других классификаций __
a Классификационный индекс 63.3(2)46
2 Код системы rubbk
700 Автор _1
a Фамилия Радзинский
b Имя (инициалы) Э. С.
g Полное личное имя Эдвард Станиславович
4 Код отношения 070
702 Вторичная интеллектуальная ответственность _1
a Фамилия Толкачева
b Имя (инициалы) Е.
4 Код отношения 340
801 Источник записи _0
a Страна RU
b Организация RuCBSGrad
c Дата составления 20231130
g Правила каталогизации RCR
801 Источник записи _1
a Страна RU
b Организация RuCBSGrad
c Дата составления 20231130
g Правила каталогизации RCR
852 Данные о местонахождении __
a Наименование организации МБУК "ЦБС г.Димитровграда"
i Авторский знак Р 15
m Каталогизатор Щукина В.П.
t Дата завершения обработки 20231130
901 Тип документа __
t Тип документа m
909 Создатель записи __
a Создатель записи Щукина В.П.
b Дата создания записи 20231130